[Event "5. OPEN International Championship of Vo"]
[Site "Novi Sad"]
[Date "2014.07.17"]
[Round "8.1"]
[White "Savic, Miodrag R"]
[Black "Saric, Sinisa"]
[Result "1/2-1/2"]
[WhiteElo "2522"]
[BlackElo "2400"]
[PlyCount "41"]
[EventDate "2014.07.12"]

1. e4 d5 2. exd5 Qxd5 3. Nc3 Qd6 4. d4 Nf6 5. Nf3 c6 6. Ne5 Nbd7 7. Bf4 Nd5 8.
Nxd5 Qxd5 9. Nf3 Nb6 10. Be2 Bf5 11. c3 Qe4 12. Bg3 Qc2 13. Qxc2 Bxc2 14. O-O
e6 15. Rfc1 Be4 16. Nd2 Bg6 17. a4 a5 18. Nb3 Nd5 19. h4 Be7 20. Nc5 b6 21. Nb3
1/2-1/2

[Event "5. OPEN International Championship of Vo"]
[Site "Novi Sad"]
[Date "2014.07.17"]
[Round "8.3"]
[White "Burovic, Ismet"]
[Black "Lajthajm, Borko"]
[Result "0-1"]
[WhiteElo "2366"]
[BlackElo "2526"]
[PlyCount "72"]
[EventDate "2014.07.12"]

1. e4 c5 2. d3 g6 3. g3 Bg7 4. Bg2 Nc6 5. f4 d6 6. Nf3 e6 7. O-O Nge7 8. c3 O-O
9. Be3 b6 10. Bf2 Qd7 11. Na3 Ba6 12. Re1 h6 13. Nc2 Rad8 14. d4 cxd4 15. cxd4
Rc8 16. Rc1 Na5 17. b3 Bb7 18. Qd3 Rc7 19. Be3 Qc8 20. Bd2 Ba6 21. Qe3 Rxc2 22.
g4 Rxc1 23. Rxc1 Qd7 24. h4 f5 25. gxf5 gxf5 26. Bh3 fxe4 27. Qxe4 Nf5 28. Kh2
Bb7 29. Qd3 Bd5 30. Rg1 Nc6 31. Bc3 Qf7 32. Bd2 Kh8 33. Bg4 Nfxd4 34. Nxd4 Nxd4
35. Bd1 Qf6 36. Qh3 Nf5 0-1

[Event "5. OPEN International Championship of Vo"]
[Site "Novi Sad"]
[Date "2014.07.17"]
[Round "8.4"]
[White "Napoli, Nicolo'"]
[Black "Azaladze, Shota"]
[Result "1/2-1/2"]
[WhiteElo "2267"]
[BlackElo "2499"]
[PlyCount "248"]
[EventDate "2014.07.12"]

1. e4 g6 2. d4 Bg7 3. Nc3 c6 4. Nf3 d6 5. Bc4 Nf6 6. Qe2 O-O 7. O-O d5 8. Bb3
Bg4 9. Rd1 e6 10. h3 Bxf3 11. Qxf3 Qa5 12. Bd2 Qb6 13. Bg5 Nxe4 14. Nxe4 dxe4
15. Qxe4 a5 16. a4 Na6 17. Be3 Nb4 18. Qh4 Nd5 19. Bh6 Qd8 20. Qxd8 Rfxd8 21.
Bxg7 Kxg7 22. c3 Nf4 23. Kh2 Rd6 24. g3 Nd5 25. Re1 Nf6 26. Re5 Nd7 27. Re2 Rd8
28. Kg2 Kf6 29. Rae1 c5 30. dxc5 Nxc5 31. Bc2 Rb6 32. b3 Rc8 33. Re3 Nd7 34.
Rd1 Rc7 35. h4 Ke7 36. Rd4 Rbc6 37. Rdd3 Rc5 38. Bd1 R5c6 39. b4 b6 40. Bb3 Rd6
41. Rxd6 Kxd6 42. Rd3+ Ke7 43. Kf1 Ne5 44. Re3 Kd6 45. Ke2 Nc6 46. Re4 axb4 47.
cxb4 e5 48. Bd1 Nd4+ 49. Kd3 Rc1 50. Kd2 Rb1 51. f4 f6 52. fxe5+ fxe5 53. b5
Kd5 54. Re1 e4 55. Rf1 Nf5 56. g4 Nd4 57. h5 gxh5 58. gxh5 Ke5 59. Rf7 e3+ 60.
Kxe3 Rxd1 61. Rxh7 Nf5+ 62. Kf2 Rd2+ 63. Ke1 Rd6 64. Ra7 Kf4 65. a5 bxa5 66.
Rxa5 Kf3 67. Ra6 Rd5 68. Rf6 Rxb5 69. h6 Ke3 70. Re6+ Kf4 71. Kd2 Rb2+ 72. Kc3
Rh2 73. Rf6 Ke5 74. Rf8 Rxh6 75. Re8+ Kd5 76. Rd8+ Nd6 77. Rd7 Rh3+ 78. Kc2 Kc5
79. Rc7+ Kb4 80. Rd7 Nb5 81. Rd8 Na3+ 82. Kd2 Nc4+ 83. Ke2 Kc5 84. Re8 Kd5 85.
Rd8+ Ke4 86. Re8+ Ne5 87. Kd2 Rh7 88. Kc3 Rc7+ 89. Kd2 Rc6 90. Re7 Rc8 91. Re6
Kd5 92. Rh6 Nf3+ 93. Kd3 Ra8 94. Kc3 Ne5 95. Rh5 Ra3+ 96. Kb4 Rf3 97. Rg5 Kd4
98. Rh5 Rf4 99. Kb5 Kd5 100. Rg5 Rf1 101. Kb4 Kd4 102. Kb3 Rf3+ 103. Kb4 Rf8
104. Kb3 Rb8+ 105. Kc2 Rc8+ 106. Kb3 Rc3+ 107. Kb4 Nd3+ 108. Kb5 Rb3+ 109. Kc6
Ne5+ 110. Kc7 Kd5 111. Rh5 Rc3+ 112. Kb7 Rf3 113. Kc7 Rf6 114. Rg5 Rc6+ 115.
Kb7 Rc2 116. Rh5 Rc1 117. Rf5 Rh1 118. Rg5 Kd6 119. Rg2 Rh4 120. Kc8 Rb4 121.
Rd2+ Kc6 122. Rc2+ Nc4 123. Rc1 Ra4 124. Kd8 Kd6 1/2-1/2

[Event "5. OPEN International Championship of Vo"]
[Site "Novi Sad"]
[Date "2014.07.17"]
[Round "8.5"]
[White "Kadric, Denis"]
[Black "Strebkovs, Andrejs"]
[Result "1/2-1/2"]
[WhiteElo "2494"]
[BlackElo "2357"]
[PlyCount "90"]
[EventDate "2014.07.12"]

1. e4 d5 2. exd5 Qxd5 3. Nf3 Nf6 4. Be2 c6 5. O-O Bg4 6. d4 h6 7. c4 Qd8 8. Nc3
e6 9. Qb3 Qb6 10. Qxb6 axb6 11. Rd1 Be7 12. Be3 Nbd7 13. h3 Bf5 14. a3 Ne4 15.
Nxe4 Bxe4 16. Rac1 O-O 17. Rc3 Bf6 18. Ne1 Rfc8 19. f3 Bh7 20. Rb3 Bd8 21. Kf2
Bc7 22. h4 h5 23. g3 Nf6 24. Nd3 Nd7 25. Rc1 Bd8 26. Ne5 Nxe5 27. dxe5 c5 28.
f4 Bg6 29. Bf3 Ra7 30. Rd1 Bc2 31. Rxd8+ Rxd8 32. Rxb6 Ra4 33. Bxc5 Rd3 34. Bb4
Rb3 35. Bxb7 Rxb2 36. c5 Be4+ 37. Ke3 Bxb7 38. Rxb7 Rxa3+ 39. Kd4 Rab3 40. Kc4
Rxg3 41. c6 Ra2 42. Kb5 Rg1 43. c7 Rc1 44. Ba5 Kh7 45. Kb6 Kg6 {...80} 1/2-1/2

[Event "5. OPEN International Championship of Vo"]
[Site "Novi Sad"]
[Date "2014.07.17"]
[Round "8.6"]
[White "Nestorovic, Nikola"]
[Black "Ratkovic, Milovan"]
[Result "1-0"]
[WhiteElo "2439"]
[BlackElo "2295"]
[PlyCount "103"]
[EventDate "2014.07.12"]

1. e4 c6 2. d4 d5 3. e5 Bf5 4. h4 h5 5. Bd3 Bxd3 6. Qxd3 e6 7. Nf3 Nd7 8. Bg5
Ne7 9. Nbd2 Qc7 10. c3 Nf5 11. g3 Be7 12. Nf1 f6 13. Bf4 fxe5 14. Nxe5 Nxe5 15.
Bxe5 Bd6 16. Bxd6 Qxd6 17. Nd2 O-O-O 18. Nf3 c5 19. O-O-O Qc7 20. Ng5 c4 21.
Qc2 Qd7 22. Rhe1 Rh6 23. Re5 Nd6 24. Rde1 Nf7 25. R5e3 Re8 26. Qe2 Nd8 27. f4
Rf6 28. Qxh5 Qa4 29. Kb1 g6 30. Qg4 Qd7 31. a3 Kc7 32. Nf3 Nf7 33. Ne5 Nxe5 34.
Rxe5 Kd6 35. Qe2 Qf7 36. Kc1 Kd7 37. Qc2 b5 38. Rh1 Rf5 39. Qe2 Rh8 40. Kd2 Rg8
41. Re1 Rf6 42. Ke3 Rf8 43. Kf2 Rh8 44. Kg2 a5 45. b3 Rb8 46. Rb1 Qf8 47. bxc4
bxc4 48. Rxb8 Qxb8 49. h5 gxh5 50. Rxh5 Qg8 51. Qb2 Rg6 52. Rh7+ 1-0

[Event "5. OPEN International Championship of Vo"]
[Site "Novi Sad"]
[Date "2014.07.17"]
[Round "8.7"]
[White "Doric, Nenad"]
[Black "Arsovic, Zoran"]
[Result "0-1"]
[WhiteElo "2316"]
[BlackElo "2433"]
[PlyCount "96"]
[EventDate "2014.07.12"]

1. e4 c5 2. c3 d5 3. exd5 Qxd5 4. d4 Nf6 5. Nf3 e6 6. Be2 Nc6 7. O-O Be7 8. c4
Qd8 9. dxc5 Qxd1 10. Rxd1 Ne4 11. Be3 Bxc5 12. Nbd2 Bxe3 13. Nxe4 Bf4 14. g3
Bc7 15. Nd6+ Bxd6 16. Rxd6 f6 17. c5 e5 18. Bb5 Bd7 19. Re1 O-O-O 20. Red1 Bg4
21. Bxc6 bxc6 22. Rxd8+ Rxd8 23. Rxd8+ Kxd8 24. Nd2 Ke7 25. Nc4 Bf3 26. Kf1 Ke6
27. Ne3 f5 28. b4 a6 29. Ke1 Bd5 30. a3 f4 31. Nd1 Kf5 32. Nc3 Bc4 33. f3 h5
34. Kf2 g5 35. Ne4 Bd3 36. Nd6+ Ke6 37. h4 g4 38. Ne8 Ke7 39. Nd6 Bg6 40. a4
Bd3 41. a5 Bg6 42. Ne4 Ke6 43. Nc3 Bd3 44. Ne4 Bc2 45. Ke2 gxf3+ 46. Kxf3 Bxe4+
47. Kxe4 fxg3 48. Kf3 Kd5 0-1

[Event "5. OPEN International Championship of Vo"]
[Site "Novi Sad"]
[Date "2014.07.17"]
[Round "8.8"]
[White "Stojanovic, Andjelija"]
[Black "Tosic, Miroslav"]
[Result "1/2-1/2"]
[WhiteElo "2306"]
[BlackElo "2427"]
[PlyCount "39"]
[EventDate "2014.07.12"]

1. Nf3 d5 2. g3 c5 3. Bg2 Nc6 4. d4 Nf6 5. O-O e6 6. c4 cxd4 7. cxd5 exd5 8.
Nxd4 Be7 9. Nc3 O-O 10. Nb3 Be6 11. Bg5 Rc8 12. Bxf6 Bxf6 13. Nxd5 Bxb2 14. Rb1
Ba3 15. Nf4 Bc4 16. Nd2 Ba6 17. Qa4 Bd6 18. Rfe1 Re8 19. Nb3 Bxf4 20. gxf4 {
necitko dalje..108 moves} 1/2-1/2

[Event "5. OPEN International Championship of Vo"]
[Site "Novi Sad"]
[Date "2014.07.17"]
[Round "8.9"]
[White "Leskur, Dejan"]
[Black "Pasko, Llambi"]
[Result "0-1"]
[WhiteElo "2393"]
[BlackElo "2285"]
[PlyCount "110"]
[EventDate "2014.07.12"]

1. Nf3 Nf6 2. b3 g6 3. Bb2 Bg7 4. d4 d6 5. g3 O-O 6. Bg2 Nfd7 7. O-O c5 8. c4
Nc6 9. e3 a6 10. Nc3 Rb8 11. a4 b6 12. Qd2 Nf6 13. h3 Bf5 14. Nh4 Bd7 15. Nf3
Na5 16. Qc2 Qc7 17. Rfc1 Rfc8 18. Bf1 Qd8 19. d5 e6 20. e4 exd5 21. exd5 Bf5
22. Qd1 Ne4 23. g4 Nxc3 24. Bxc3 Bd7 25. Ra2 Bxc3 26. Rxc3 Qf6 27. Qc1 Re8 28.
Re2 Rxe2 29. Bxe2 Re8 30. Bf1 Re4 31. Re3 Qe7 32. Rxe4 Qxe4 33. Qc3 Qf4 34. Bg2
f6 35. Nd2 Qe5 36. Qd3 f5 37. gxf5 Bxf5 38. Be4 Bd7 39. Qe3 b5 40. axb5 axb5
41. cxb5 Bxb5 42. Bf3 Qxe3 43. fxe3 Bd3 44. Bd1 Kf7 45. e4 c4 46. bxc4 Nxc4 47.
Nxc4 Bxc4 48. h4 Kf6 49. Kf2 Ke5 50. Ke3 Bf1 51. Bf3 Bh3 52. Bh1 h6 53. Kf3 g5
54. hxg5 hxg5 55. Kg3 g4 0-1

[Event "5. OPEN International Championship of Vo"]
[Site "Novi Sad"]
[Date "2014.07.17"]
[Round "8.10"]
[White "Liou, Yian"]
[Black "Sorgic, Dragan"]
[Result "1-0"]
[WhiteElo "2387"]
[BlackElo "2238"]
[PlyCount "145"]
[EventDate "2014.07.12"]

1. e4 e5 2. Nf3 Nc6 3. Bb5 a6 4. Ba4 Nf6 5. O-O Be7 6. Re1 b5 7. Bb3 d6 8. c3
O-O 9. h3 Na5 10. Bc2 c5 11. d4 Nd7 12. Nbd2 cxd4 13. cxd4 Nc6 14. d5 Nb4 15.
Bb1 a5 16. a3 Na6 17. b4 Nb6 18. Qb3 Bd7 19. Bd3 Na4 20. Nf1 axb4 21. axb4 Qb6
22. Bd2 Rfc8 23. Rac1 Qd8 24. Ne3 g6 25. Rxc8 Rxc8 26. Nc2 Ra8 27. Qb1 Qb8 28.
Na3 Nc7 29. Qb3 Qb7 30. Rc1 Bd8 31. Be3 Nb6 32. Nd2 Ra4 33. Ndb1 Na6 34. Nc2
Nc7 35. Nc3 Ra8 36. Na3 Na4 37. Ne2 Nb6 38. Rf1 Qa6 39. Nc2 Ne8 40. Ra1 Qc8 41.
Rxa8 Nxa8 42. Nc3 Qb7 43. Qa2 Nac7 44. Qa7 Qxa7 45. Bxa7 Bg5 46. Kf1 Bd2 47.
Nb1 Bc1 48. Ke2 f5 49. f3 Kf7 50. Nc3 Bb2 51. Nb1 Bc1 52. Be3 Bxe3 53. Kxe3 f4+
54. Kd2 Ke7 55. Nca3 Kd8 56. Kc2 Kc8 57. Nc3 Kb7 58. Bxb5 Nxb5 59. Naxb5 g5 60.
Na3 h5 61. Nc4 Ka6 62. Kd2 Bb5 63. Nxb5 Kxb5 64. Kc3 Ka4 65. Nb2+ Kb5 66. Kb3
Ka6 67. Nc4 Kb5 68. Na3+ Ka6 69. Ka4 Nc7 70. b5+ Kb6 71. Kb4 Na8 72. Nc4+ Kc7
73. Ka5 1-0

[Event "5. OPEN International Championship of Vo"]
[Site "Novi Sad"]
[Date "2014.07.17"]
[Round "8.11"]
[White "Cabarkapa, Novak"]
[Black "Erden, Kadir"]
[Result "0-1"]
[WhiteElo "2386"]
[BlackElo "2181"]
[PlyCount "36"]
[EventDate "2014.07.12"]

1. e4 c5 2. Nf3 e6 3. b3 Nc6 4. Bb2 d6 5. Bb5 Nge7 6. O-O a6 7. Bxc6+ bxc6 8.
e5 d5 9. c4 Nf5 10. d3 g5 11. g4 Nd4 12. Bxd4 cxd4 13. Nxd4 c5 14. Nf3 h5 15.
h3 hxg4 16. hxg4 Bb7 17. Nh2 Bg7 18. Qe2 d4 0-1

[Event "5. OPEN International Championship of Vo"]
[Site "Novi Sad"]
[Date "2014.07.17"]
[Round "8.12"]
[White "Ratkovic, Miloje"]
[Black "Nikolovski, Nikola"]
[Result "0-1"]
[WhiteElo "2383"]
[BlackElo "2017"]
[PlyCount "104"]
[EventDate "2014.07.12"]

1. d4 Nf6 2. c4 c5 3. d5 b5 4. cxb5 a6 5. b6 e6 6. Nc3 Nxd5 7. Nxd5 exd5 8.
Qxd5 Nc6 9. Nf3 Rb8 10. Bd2 Be7 11. Bc3 O-O 12. e4 Rxb6 13. Bc4 Bb7 14. Qd2 Nb4
15. O-O-O Bxe4 16. Qxd7 Bg5+ 17. Nxg5 Qxg5+ 18. Qd2 Qg6 19. a3 Nc2 20. Qf4 h5
21. f3 Bf5 22. g4 hxg4 23. Rd5 Nd4 24. Bxd4 cxd4 25. Rxf5 Rc8 26. fxg4 Qc6 27.
Qf1 Qa4 28. Kb1 Rxc4 29. Qe2 Rc8 30. Rf3 Rcb8 31. Rc1 Rxb2+ 32. Qxb2 Rxb2+ 33.
Kxb2 Qb5+ 34. Rb3 Qe2+ 35. Rc2 Qxg4 36. Rd3 Qd7 37. Rcd2 Qb5+ 38. Kc2 Qa5 39.
Kb2 Qb5+ 40. Kc2 g5 41. Rxd4 Kg7 42. a4 Qc5+ 43. Kd3 f5 44. Rc2 Qb6 45. Rdc4
Qb3+ 46. Kd4 Kg6 47. Ke5 Qe3+ 48. Kd6 f4 49. Rc5 f3 50. Rc1 f2 51. Rc6 Qd3+ 52.
Ke7+ Kh5 0-1

[Event "5. OPEN International Championship of Vo"]
[Site "Novi Sad"]
[Date "2014.07.17"]
[Round "8.13"]
[White "Ljubinkovic, Miodrag"]
[Black "Obodchuk, Andrei"]
[Result "1/2-1/2"]
[WhiteElo "2254"]
[BlackElo "2374"]
[PlyCount "135"]
[EventDate "2014.07.12"]

1. d4 Nf6 2. Nf3 g6 3. c3 Bg7 4. Bf4 d6 5. e3 O-O 6. Bc4 b6 7. Nbd2 Bb7 8. Qe2
c5 9. h3 a6 10. a3 Nbd7 11. O-O b5 12. Bb3 Re8 13. e4 e5 14. dxe5 dxe5 15. Bg5
h6 16. Bh4 c4 17. Bc2 Qc7 18. Rfe1 Nh5 19. Bg3 Nxg3 20. fxg3 Nc5 21. Kh2 Rad8
22. Rf1 Rd7 23. a4 h5 24. axb5 axb5 25. b3 Bh6 26. bxc4 bxc4 27. Nxc4 Bg7 28.
Rfb1 Rdd8 29. Nb6 Re6 30. Nd5 Bxd5 31. exd5 Rxd5 32. Qc4 Rd8 33. Ng5 Rc6 34.
Qa2 Bh6 35. Ne4 Nxe4 36. Bxe4 Rxc3 37. Rb7 Qc4 38. Qa5 Rf8 39. Ra4 Qc5 40. Qxc5
Rxc5 41. Ra2 Be3 42. Ra3 Bd4 43. g4 hxg4 44. hxg4 Rc1 45. Rf3 Rc5 46. g5 Ra5
47. Kh3 Ra7 48. Rxa7 Bxa7 49. Bd5 Kg7 50. Kg4 Bc5 51. Rf1 Be7 52. Rf3 f5+ 53.
gxf6+ Bxf6 54. Be4 Rb8 55. Rd3 Rb4 56. Kf3 Kh6 57. g3 Kg5 58. Rc3 Be7 59. Rc6
Rb3+ 60. Kf2 Bf6 61. Ra6 Rb8 62. Kf3 Rf8 63. Kg2 Kh5 64. Kh3 Rf7 65. Rc6 Kg5
66. Kg2 Ra7 67. Kf3 Rf7 68. Re6 1/2-1/2

[Event "5. OPEN International Championship of Vo"]
[Site "Novi Sad"]
[Date "2014.07.17"]
[Round "8.14"]
[White "Jovic, Stevan"]
[Black "Mrkonjic, Nenad"]
[Result "1-0"]
[WhiteElo "2254"]
[BlackElo "2373"]
[PlyCount "71"]
[EventDate "2014.07.12"]

1. d4 d5 2. c4 c6 3. e3 Bf5 4. Nc3 e6 5. Nf3 Nd7 6. Bd3 Bxd3 7. Qxd3 Ngf6 8.
O-O Be7 9. e4 dxe4 10. Nxe4 Nxe4 11. Qxe4 O-O 12. Be3 Re8 13. Rfd1 Rc8 14. Ne5
Qc7 15. Bf4 Bd6 16. c5 Bxe5 17. Bxe5 Qd8 18. a3 Qg5 19. Rd3 f6 20. Bd6 f5 21.
Qe2 Qf6 22. Re1 Nf8 23. Qc2 Rcd8 24. Qc4 Rd7 25. Rde3 g6 26. h3 h5 27. Re5 Qd8
28. Qb3 Rxd6 29. cxd6 Qd7 30. Qa4 a6 31. d5 b5 32. dxe6 Nxe6 33. Qxa6 Qxd6 34.
Rxb5 Kf7 35. Rbe5 Kf6 36. Qa5 1-0

[Event "5. OPEN International Championship of Vo"]
[Site "Novi Sad"]
[Date "2014.07.17"]
[Round "8.15"]
[White "Pardic, Oliver"]
[Black "Nestorovic, Lazar"]
[Result "0-1"]
[WhiteElo "2242"]
[BlackElo "2331"]
[PlyCount "54"]
[EventDate "2014.07.12"]

1. d4 Nf6 2. Nf3 e6 3. Bg5 b6 4. Nbd2 Bb7 5. e3 Be7 6. Bd3 d6 7. O-O Nbd7 8. e4
O-O 9. e5 dxe5 10. dxe5 Nd5 11. Ne4 Bxg5 12. Nfxg5 h6 13. f4 Ne3 14. Qh5 Nxf1
15. Rxf1 Qe7 16. Rf3 Rad8 17. Rg3 Kh8 18. Rh3 Bxe4 19. Nxe4 Nc5 20. Nf6 Nxd3
21. cxd3 Qc5+ 22. Kf1 Qc1+ 23. Ke2 Qxb2+ 24. Kf1 Qc1+ 25. Ke2 Qc2+ 26. Ke1 Rxd3
27. Rxd3 Qxd3 0-1

[Event "5. OPEN International Championship of Vo"]
[Site "Novi Sad"]
[Date "2014.07.17"]
[Round "8.16"]
[White "Rajkovic, Mladen"]
[Black "Radlovacki, Jovan"]
[Result "1/2-1/2"]
[WhiteElo "2116"]
[BlackElo "2443"]
[PlyCount "39"]
[EventDate "2014.07.12"]

1. e4 c6 2. Nc3 d5 3. d3 dxe4 4. Nxe4 Nf6 5. Qe2 e6 6. g3 Be7 7. Bg2 b6 8. f4
Nxe4 9. dxe4 Ba6 10. Qf2 e5 11. fxe5 O-O 12. Nf3 Nd7 13. Bf4 Nc5 14. Nd4 Ne6
15. O-O-O Qc7 16. Nxe6 fxe6 17. Qd2 Rad8 18. Qc3 c5 19. Rxd8 Rxd8 20. Rd1
1/2-1/2

[Event "5. OPEN International Championship of Vo"]
[Site "Novi Sad"]
[Date "2014.07.17"]
[Round "8.17"]
[White "Erdogdu, Mert"]
[Black "Banovic, Ivan"]
[Result "1/2-1/2"]
[WhiteElo "2423"]
[BlackElo "2197"]
[PlyCount "76"]
[EventDate "2014.07.12"]

1. e4 c5 2. Nf3 d6 3. d4 cxd4 4. Nxd4 Nf6 5. Nc3 g6 6. Be2 Bg7 7. O-O O-O 8.
Re1 Nc6 9. Nb3 a5 10. a4 Be6 11. Bf3 Rc8 12. Nd5 Re8 13. c3 Ne5 14. Bg5 Bxd5
15. exd5 h6 16. Be3 Nxf3+ 17. Qxf3 Nd7 18. Qh3 Kh7 19. Re2 Qc7 20. Nd4 Nf6 21.
Nb5 Qc4 22. Rd2 Nxd5 23. Rd4 Bxd4 24. Qxh6+ Kg8 25. Bxd4 e5 26. Nxd6 Qe2 27.
Nxe8 Rxe8 28. Be3 Qxb2 29. Re1 Qxc3 30. Bd2 Qd4 31. Bxa5 Qxa4 32. Bd2 Qd4 33.
h4 Qg4 34. Rb1 b6 35. Qg5 Qxg5 36. hxg5 Re6 37. Kf1 Rd6 38. Ke2 Nf4+ 1/2-1/2

[Event "5. OPEN International Championship of Vo"]
[Site "Novi Sad"]
[Date "2014.07.17"]
[Round "8.18"]
[White "Kler, Borko"]
[Black "Nestorovic, Dejan"]
[Result "0-1"]
[WhiteElo "2242"]
[BlackElo "2408"]
[PlyCount "114"]
[EventDate "2014.07.12"]

1. e4 c5 2. Nf3 e6 3. d4 cxd4 4. Nxd4 a6 5. Bd3 Nf6 6. O-O Qc7 7. Qe2 d6 8. b3
g6 9. a4 Bg7 10. Bb2 O-O 11. Na3 Nbd7 12. f4 Re8 13. Qf3 e5 14. Ne2 d5 15. Ng3
dxe4 16. Nxe4 exf4 17. Nc4 Nxe4 18. Bxe4 Bxb2 19. Nxb2 Nf6 20. Bd3 g5 21. Nc4
Be6 22. Rae1 Bd5 23. Qh3 Qc5+ 24. Kh1 f3 25. Rxe8+ Rxe8 26. gxf3 g4 27. Qg3 Kf8
28. h3 Bxf3+ 29. Kh2 Re6 30. Qb8+ Ke7 31. b4 Qxb4 32. hxg4 Bxg4 33. Ne5 Bh5 34.
Kg3 Qd6 35. Qxd6+ Kxd6 36. Nc4+ Kc7 37. Kh4 Bg6 38. Bxg6 hxg6 39. Kg5 Ne4+ 40.
Kh6 f5 41. Kg7 Nd6 42. Rf4 Nxc4 43. Rxc4+ Rc6 44. Rd4 Kb6 45. Rb4+ Ka5 46. Rxb7
Kxa4 47. Kh6 a5 48. Kg5 Ka3 49. c4 a4 50. c5 Rxc5 51. Kxg6 f4 52. Kf6 f3 53.
Ke6 f2 54. Rb1 Ka2 55. Rf1 Rc2 56. Kd5 Kb2 57. Kd4 a3 0-1

[Event "5. OPEN International Championship of Vo"]
[Site "Novi Sad"]
[Date "2014.07.17"]
[Round "8.19"]
[White "Babic, Radoslav"]
[Black "Egorov, Evgeny"]
[Result "1/2-1/2"]
[WhiteElo "2200"]
[BlackElo "2358"]
[PlyCount "75"]
[EventDate "2014.07.12"]

1. d4 d5 2. Nf3 Nc6 3. Bf4 Bg4 4. Nbd2 e6 5. e3 Bd6 6. Bxd6 cxd6 7. Be2 Nf6 8.
O-O O-O 9. c4 dxc4 10. Bxc4 Qb6 11. Qb3 Bxf3 12. Nxf3 d5 13. Qxb6 axb6 14. Bd3
Nb4 15. Bb1 Rfc8 16. a3 Kf8 17. Nd2 Rc7 18. Rd1 Ke7 19. h3 h5 20. Kf1 Kd6 21.
Ke2 Nc6 22. Bd3 e5 23. dxe5+ Nxe5 24. Rac1 Rc6 25. Nb3 Rac8 26. Bb5 Rc2+ 27.
Rxc2 Rxc2+ 28. Rd2 Rc8 29. f3 Ke7 30. Nd4 g6 31. Rc2 Rc5 32. b4 Rxc2+ 33. Nxc2
h4 34. Kd2 g5 35. Kc3 Nh5 36. Nd4 Ng3 37. Bd3 Nxd3 38. Kxd3 1/2-1/2

[Event "5. OPEN International Championship of Vo"]
[Site "Novi Sad"]
[Date "2014.07.17"]
[Round "8.20"]
[White "Dronjic, Sinisa"]
[Black "Draskovic, Luka"]
[Result "1/2-1/2"]
[WhiteElo "2178"]
[BlackElo "2340"]
[PlyCount "31"]
[EventDate "2014.07.12"]

1. Nf3 Nf6 2. c4 e6 3. g3 b6 4. Bg2 Bb7 5. O-O c5 6. Nc3 a6 7. d4 cxd4 8. Nxd4
Bxg2 9. Kxg2 Qc7 10. Qd3 Qb7+ 11. e4 d6 12. b3 Nbd7 13. f3 Be7 14. Bb2 O-O 15.
Rad1 Rac8 16. Rd2 1/2-1/2

[Event "5. OPEN International Championship of Vo"]
[Site "Novi Sad"]
[Date "2014.07.17"]
[Round "8.21"]
[White "Popchev, Milko"]
[Black "Beslin, Igor"]
[Result "1-0"]
[WhiteElo "2331"]
[BlackElo "2066"]
[PlyCount "111"]
[EventDate "2014.07.12"]

1. b3 e5 2. Bb2 Nc6 3. c4 Nf6 4. Nc3 d5 5. cxd5 Nxd5 6. g3 Be7 7. Bg2 Be6 8.
Nf3 O-O 9. O-O f6 10. d4 exd4 11. Nxd4 Nxd4 12. Qxd4 Nxc3 13. Qxc3 c6 14. Qe3
Bf7 15. Rfd1 Qc7 16. Bh3 Rfd8 17. Be6 Bxe6 18. Qxe6+ Kf8 19. e4 Bd6 20. f4 Qe7
21. Qf5 Kg8 22. Kg2 Bc7 23. e5 fxe5 24. Bxe5 Bxe5 25. fxe5 Rf8 26. Qe4 Rae8 27.
Re1 Qc5 28. Re2 Re6 29. Rae1 Rfe8 30. h4 b5 31. h5 Qb6 32. Qf5 Qc7 33. g4 Qf7
34. Kg3 g6 35. Qg5 Rf8 36. h6 Qf3+ 37. Kh4 Qf4 38. Qxf4 Rxf4 39. Rd1 Kf7 40.
Kg5 Rf3 41. Rd7+ Re7 42. e6+ Kf8 43. Rd8+ Re8 44. Rd6 Rc3 45. Rf2+ Ke7 46. Rd7+
Kxe6 47. Rxh7 Rg8 48. Re2+ Kd6 49. Rg7 Rh8 50. h7 Rg3 51. Rxa7 Rg1 52. b4 Kd5
53. Rd7+ Kc4 54. a3 Rg3 55. Rc2+ Kb3 56. Rxc6 1-0

[Event "5. OPEN International Championship of Vo"]
[Site "Novi Sad"]
[Date "2014.07.17"]
[Round "8.22"]
[White "Dokic, Zoran"]
[Black "Pantelic, Sasa"]
[Result "0-1"]
[WhiteElo "2163"]
[BlackElo "2312"]
[PlyCount "50"]
[EventDate "2014.07.12"]

1. d4 Nf6 2. Bg5 e6 3. e4 h6 4. Bxf6 Qxf6 5. Nf3 d5 6. e5 Qd8 7. Nbd2 c5 8. c3
Nc6 9. Bb5 Qb6 10. Qb3 Be7 11. O-O O-O 12. Bxc6 bxc6 13. Qa3 Ba6 14. Rfe1 Rfe8
15. Qb3 Rab8 16. Re3 cxd4 17. cxd4 c5 18. Qxb6 Rxb6 19. b3 cxd4 20. Nxd4 Bg5
21. Rc1 Bxe3 22. fxe3 Rc8 23. Rxc8+ Bxc8 24. Kf2 Bd7 25. Ke1 f6 0-1

[Event "5. OPEN International Championship of Vo"]
[Site "Novi Sad"]
[Date "2014.07.17"]
[Round "8.23"]
[White "Jovanovic, Milenko"]
[Black "Desnica, Vladan"]
[Result "1-0"]
[WhiteElo "2154"]
[BlackElo "2254"]
[PlyCount "65"]
[EventDate "2014.07.12"]

1. d4 e6 2. c4 Bb4+ 3. Bd2 a5 4. g3 Nf6 5. Bg2 d6 6. Qc2 Nbd7 7. Nf3 O-O 8. O-O
e5 9. Nc3 exd4 10. Nxd4 Ne5 11. b3 c6 12. h3 Re8 13. Rad1 Ng6 14. e4 Qc7 15.
Rfe1 Nd7 16. Bc1 a4 17. Bb2 Nc5 18. Re2 Qb6 19. Kh2 Nf8 20. Ba1 axb3 21. axb3
Nfe6 22. Nf5 Rd8 23. Re3 Qc7 24. Ne2 f6 25. Bc3 Bxc3 26. Rxc3 Na6 27. Qd2 Qb6
28. Qe3 Qb4 29. Nc1 Nac5 30. Nxd6 Rxd6 31. Rxd6 Nxe4 32. Rxe6 Bxe6 33. Bxe4 1-0

[Event "5. OPEN International Championship of Vo"]
[Site "Novi Sad"]
[Date "2014.07.17"]
[Round "8.24"]
[White "Ratsma, Midas"]
[Black "Petkovic, Radosav"]
[Result "1-0"]
[WhiteElo "2123"]
[BlackElo "2253"]
[PlyCount "91"]
[EventDate "2014.07.12"]

1. d4 Nf6 2. c4 d6 3. Nf3 g6 4. Nc3 Bf5 5. g3 Qc8 6. Bg2 Bg7 7. O-O Bh3 8. e4
Bxg2 9. Kxg2 Nfd7 10. Re1 e5 11. Be3 O-O 12. d5 h6 13. Qd2 Kh7 14. h4 Nf6 15.
Qe2 Na6 16. Rab1 Nh5 17. Nd2 Qe8 18. f3 f5 19. Bf2 Qf7 20. Rf1 Bf6 21. b4 Bxh4
22. c5 Nb8 23. Nc4 Nd7 24. Nb5 Qe7 25. Rh1 fxe4 26. Qxe4 Bg5 27. Nxc7 Nf4+ 28.
gxf4 Rxf4 29. Qe2 e4 30. Kg1 Rg8 31. cxd6 Qf6 32. fxe4 b5 33. Nb2 Ne5 34. Ne6
Rg4+ 35. Kf1 Bh4 36. Nd1 h5 37. Rb3 Rc8 38. d7 Nxd7 39. Rf3 Qe7 40. Bxh4 Rxh4
41. Rxh4 Qxh4 42. Qb2 Qh1+ 43. Ke2 Ne5 44. Ng5+ Kh6 45. Nf2 Qh2 46. Qxe5 1-0

[Event "5. OPEN International Championship of Vo"]
[Site "Novi Sad"]
[Date "2014.07.17"]
[Round "8.25"]
[White "Tomin, Ksenija"]
[Black "Meszaros, Andras"]
[Result "0-1"]
[WhiteElo "2046"]
[BlackElo "2250"]
[PlyCount "92"]
[EventDate "2014.07.12"]

1. e4 c5 2. Nf3 e6 3. c3 d5 4. exd5 exd5 5. d4 Nf6 6. Be2 Bd6 7. O-O O-O 8.
dxc5 Bxc5 9. Nbd2 Nc6 10. Nb3 Bb6 11. Bg5 Re8 12. Bh4 Bg4 13. Re1 Qd6 14. Bxf6
Qxf6 15. Qxd5 Rad8 16. Qc4 Ne5 17. Nxe5 Qxf2+ 18. Kh1 Rxe5 19. Qxg4 Rde8 20.
Nd4 h5 21. Qd7 Bxd4 22. Qxd4 Qxd4 23. cxd4 Rxe2 24. Rxe2 Rxe2 25. b3 Rd2 26. h3
Rxd4 27. Rc1 Rd8 28. Kg1 g6 29. Kf2 Kg7 30. Ke2 g5 31. Ke3 Kg6 32. g4 f6 33. a4
Rd6 34. b4 Rc6 35. Rxc6 bxc6 36. Kd4 f5 37. gxf5+ Kxf5 38. Kc5 g4 39. hxg4+
hxg4 40. Kxc6 g3 41. Kb7 g2 42. Kxa7 g1=Q+ 43. Ka6 Qd4 44. Ka5 Ke6 45. b5 Kd7
46. b6 Kc6 0-1

[Event "5. OPEN International Championship of Vo"]
[Site "Novi Sad"]
[Date "2014.07.17"]
[Round "8.26"]
[White "Iveljic, Igor"]
[Black "Dermisek, Stipa"]
[Result "1-0"]
[WhiteElo "2294"]
[BlackElo "2051"]
[PlyCount "97"]
[EventDate "2014.07.12"]

1. e4 e5 2. Bc4 Nf6 3. d3 Nc6 4. Nf3 Be7 5. O-O O-O 6. Re1 d6 7. c3 Re8 8. Bb3
Na5 9. Bc2 c5 10. Nbd2 Qc7 11. Nf1 Bf8 12. Bg5 Nd7 13. a3 Nb6 14. b4 Nc6 15.
Bb3 Be6 16. Ne3 Nd8 17. Bxd8 Raxd8 18. Bxe6 fxe6 19. Qb3 Kh8 20. a4 h6 21. Rab1
Nd7 22. a5 Re7 23. Rec1 g6 24. Rc2 Nf6 25. bxc5 dxc5 26. Nc4 Kh7 27. Nfxe5 Nh5
28. Rd2 Bg7 29. Nf3 Qf4 30. e5 g5 31. d4 g4 32. Qc2+ Kg8 33. Nh4 Red7 34. g3
Qg5 35. Rbd1 Nf4 36. gxf4 Qxh4 37. f5 exf5 38. Qxf5 Re7 39. Nd6 Rf8 40. Qg6 Qh3
41. Rd3 Rf3 42. Rxf3 Qxf3 43. Rd3 Qf4 44. Qe4 Qc1+ 45. Kg2 cxd4 46. cxd4 h5 47.
Nf5 Rc7 48. e6 Qa1 49. e7 1-0